| 000 | 00555nam a2200193 a 4500 | ||
|---|---|---|---|
| 005 | 20240531063649.0 | ||
| 008 | 030312s1982 ea r 000 0 eng d | ||
| 020 | _a0313252696 | ||
| 035 | _aUPN01000122798 | ||
| 049 | _aC | ||
| 050 | 4 |
_aLB15 _bD4.2 |
|
| 100 | 1 | _aDejnozka, Edward L. | |
| 245 | 1 | 0 |
_aAmérican educators' encyclopedia / _cEdward L. Dejnozka and David E. Kapel. |
| 260 |
_aNew York : _bGreenwood, _c1982. |
||
| 300 | _axxxii, 716 p. | ||
| 650 | 4 |
_aEducación _vDiccionarios _913241 |
|
| 700 | 1 |
_aKapel, David E., _ecoaut. |
|
| 905 | _aLibro | ||
| 999 |
_c94981 _d94981 |
||